| 000 | 00598nam a2200193Ia 4500 | ||
|---|---|---|---|
| 005 | 20260114185848.0 | ||
| 008 | 008 260114s9999 xx 000 0 eng d | ||
| 020 | _a9780755640973 | ||
| 037 | _aEBOOK | ||
| 040 |
_aCRL _beng _cCRL |
||
| 041 |
_aeng _2eng |
||
| 084 | _qCRL | ||
| 100 |
_aAtef Alshaer _9875319 |
||
| 245 | 0 | _aLove and Poetry in the Middle East Love and Literature from Antiquity to the Present | |
| 260 |
_bBloomsbury _c2022 |
||
| 856 | _uhttps://doi.org/10.5040/9780755640973?locatt=label:secondary_bloomsburyCollections | ||
| 942 | _cEBOOK | ||
| 999 |
_c1474253 _d1474253 |
||